History for college students (Record no. 494339)

000 -LEADER
fixed length control field 00343cam a22001217a 4500
008 - FIXED-LENGTH DATA ELEMENTS--GENERAL INFORMATION
fixed length control field 180718b1966 xxu||||| |||| 00| 0 eng d
082 ## - DEWEY DECIMAL CLASSIFICATION NUMBER
Classification number A608 W394
245 ## - TITLE STATEMENT
Title History for college students
Statement of responsibility, etc. edited by John C.B. Webster
260 ## - PUBLICATION, DISTRIBUTION, ETC.
Place of publication, distribution, etc. Chandigarh
Name of publisher, distributor, etc. Panjab
Date of publication, distribution, etc. 1966
300 ## - PHYSICAL DESCRIPTION
Extent vii, 64p
650 ## - SUBJECT ADDED ENTRY--TOPICAL TERM
Topical term or geographic name entry element College--Student
700 ## - ADDED ENTRY--PERSONAL NAME
Personal name Webster, John C.B.
Holdings
Withdrawn status Lost status Damaged status Not for loan Permanent Location Current Location Date acquired Full call number Barcode Date last seen Price effective from Koha item type
        Indian Institute of Public Administration Indian Institute of Public Administration 2018-08-04 A608 W394 GR7272 2018-08-04 2018-08-04 GR

Powered by Koha